000 00598nam a2200217Ia 4500
005 20250508150727.0
008 008 250505s9999 xx 000 0 eng d
037 _aTextual
040 _aFEDL
_beng
_cFEDL
041 _aeng
_2eng
084 _a614.8, WHI
_qFEDL
100 _aWhittingham Harold E
_9757479
245 0 _aFirst aid manual
245 0 _cBritish Red Cross Society
250 _a9th
260 _aLondon, UK
_bMacmillan and Co Limited
_c1949
300 _axx,300p.
700 _a Cade Stanford
_9757480
942 _cTEXL
_h614.8, WHI
999 _c1325304
_d1325304